000 00491nam a22001697a 4500
005 20251108165013.0
008 250721s1984 xx 000 0 ara d
082 1 4 _a530.11/هشا
100 1 _aغصيب، هشام
245 1 0 _aمدخل مبسط إلى منطق نظرية النسبية الخاصة /
264 1 _aبيروت :
_bمؤسسة الرسالة،
_c1984.
300 _a57ص
650 1 7 _aالنسبية
650 1 7 _aالفيزياء
942 _2ddc
_cBK
999 _c19645
_d19645